00615nam a2200169 a 4500008004100000020001500041050002200056100004600078245007600124260004400200300001700244350000900261500004000270650002400310650005400334650005700388060316s1992 ||||||||||||||||| || u a0415060788 aLB 2826.6.D44 Jon aJones, Phillip W. (Phillip Worner), 1949-10aWorld Bank financing of education : lending, learning, and development  aLondon:bRoutledge and Kegan Paulc1992 axxii, 285 p. a0.00 aIncludes bibliographical references aWORLD BANK--HISTORY aEDUCATION--DEVELOPING COUNTRIES--FINANCE--HISTORY aEDUCATION--DEVELOPING COUNTRIES--FINANCE--STATISTICS